Вып. 4; Томский политехник
| Parent link: | Томский политехник: ежегодный журнал/ Томский политехнический университет (ТПУ), Ассоциация выпускников. Вып. 4.— , 1995- |
|---|---|
| Gaia: | Тема номера: Международное сотрудничество: традиции и перспективы |
| Hizkuntza: | errusiera ingelesa |
| Argitaratua: |
1998
|
| Gaiak: |
Трушков
> Н. И.
> российский геолог
> профессор ТТИ по кафедре горного искусства
> 1876-1947
> Николай Ильич
Вейнберг
> Б. П.
> российский геофизик
> профессор Томского технологического института (1909-1924)
> 1871-1942
> Борис Петрович
> Томск
> TPU
|
| Formatua: | MixedMaterials Liburua |
| KOHA link: | https://koha.lib.tpu.ru/cgi-bin/koha/opac-detail.pl?biblionumber=189427 |
MARC
| LEADER | 00000nam2a2200000 4500 | ||
|---|---|---|---|
| 001 | 189427 | ||
| 005 | 20231101224214.0 | ||
| 035 | |a (RuTPU)RU\TPU\book\205930 | ||
| 035 | |a RU\TPU\book\205097 | ||
| 090 | |a 189427 | ||
| 100 | |a 20101224d1998 km y0rusy50 ca | ||
| 101 | 2 | |a rus |a eng | |
| 102 | |a RU | ||
| 105 | |a ac z 000zd | ||
| 200 | 0 | |a Вып. 4 | |
| 210 | |d 1998 | ||
| 215 | |a 201 с. |c ил. | ||
| 330 | |a Тема номера: Международное сотрудничество: традиции и перспективы | ||
| 461 | 1 | |0 (RuTPU)RU\TPU\book\202435 |t Томский политехник |o ежегодный журнал |f Томский политехнический университет (ТПУ), Ассоциация выпускников |v Вып. 4 |d 1995- | |
| 600 | 1 | |a Шевяков |b Л. Д. |c российский ученый в области горного дела |f 1889-1963 |g Лев Дмитриевич |2 stltpush |3 (RuTPU)RU\TPU\pers\15099 |9 5188 | |
| 600 | 1 | |a Трушков |b Н. И. |c российский геолог |c профессор ТТИ по кафедре горного искусства |f 1876-1947 |g Николай Ильич |2 stltpush |3 (RuTPU)RU\TPU\pers\21919 |9 9255 | |
| 600 | 1 | |a Вейнберг |b Б. П. |c российский геофизик |c профессор Томского технологического института (1909-1924) |f 1871-1942 |g Борис Петрович |y Томск |x TPU |2 stltpush |3 (RuTPU)RU\TPU\pers\5705 | |
| 600 | 1 | |a Гудков |b П. П. |c российский геолог |c профессор Томского технологического института (1907-1918) |g Павел Павлович |f 1881-1955 |y Томск |x TPU |2 stltpush |3 (RuTPU)RU\TPU\pers\13854 | |
| 606 | 1 | |a Томский политехнический университет |2 stltpush |3 (RuTPU)RU\TPU\subj\67475 |9 83260 | |
| 610 | 1 | |a ТТИ | |
| 610 | 1 | |a Томский технологический институт | |
| 610 | 1 | |a история | |
| 610 | 1 | |a США | |
| 610 | 1 | |a Томск | |
| 610 | 1 | |a американцы | |
| 610 | 1 | |a деловые отношения | |
| 610 | 1 | |a выпускники ТТИ | |
| 610 | 1 | |a разработки | |
| 610 | 1 | |a ТПИ | |
| 610 | 1 | |a Сибирь | |
| 610 | 1 | |a золотодобыча | |
| 610 | 1 | |a Коллекция История ТПУ | |
| 686 | |a Ч484(2)72ТПУ |2 rubbk | ||
| 801 | 1 | |a RU |b 63413507 |c 20101101 | |
| 801 | 2 | |a RU |b 63413507 |c 20230619 |g RCR | |
| 942 | |c BK | ||